Электродуговая сварка: практика и теория

Bibliografiske detaljer
Hovedforfatter: Черный О. М. Олег Михайлович
Summary:В пособии предложены технические решения многих практических проблем электродуговой сварки. Рассмотрены многочисленные решения теоретических вопросов по электродуговой сварке, которые ранее в сварочной литературе не рассматривались. Найдены и подробно рассмотрены три новых силы, которые ранее не учитывались в теории сварки. Книга будет полезной не только специалистам-сварщикам, но и физикам, занимающимся вопросами электрической дуги, и студентам, желающим углубить свои знания.
Sprog:russisk
Udgivet: Ростов-на-Дону, Феникс, 2007
Serier:Профессиональное мастерство
Fag:
Format: MixedMaterials Bog
KOHA link:https://koha.lib.tpu.ru/cgi-bin/koha/opac-detail.pl?biblionumber=134277

MARC

LEADER 00000nam0a2200000 4500
001 134277
005 20231101220500.0
010 |a 9785222121894 
035 |a (RuTPU)RU\TPU\book\145538 
090 |a 134277 
100 |a 20080327d2007 m y0rusy50 ca 
101 0 |a rus 
102 |a RU 
105 |a a j 001zy 
200 1 |a Электродуговая сварка: практика и теория  |f О. М. Черный 
210 |a Ростов-на-Дону  |c Феникс  |d 2007 
215 |a 204 с.  |c ил. 
225 1 |a Профессиональное мастерство 
320 |a Библиогр.: с. 196-200. 
330 |a В пособии предложены технические решения многих практических проблем электродуговой сварки. Рассмотрены многочисленные решения теоретических вопросов по электродуговой сварке, которые ранее в сварочной литературе не рассматривались. Найдены и подробно рассмотрены три новых силы, которые ранее не учитывались в теории сварки. Книга будет полезной не только специалистам-сварщикам, но и физикам, занимающимся вопросами электрической дуги, и студентам, желающим углубить свои знания. 
606 1 |a Электродуговая сварка  |2 stltpush  |3 (RuTPU)RU\TPU\subj\66887  |9 82882 
610 1 |a сварные швы 
610 1 |a формирование 
610 1 |a вязкость 
610 1 |a сварочная проволока 
610 1 |a сварочные дуги 
610 1 |a катоды 
610 1 |a электроны 
610 1 |a практические проблемы 
610 1 |a электростатические силы 
610 1 |a пособия 
610 1 |a сварка 
675 |a 621.791.75(07)  |v 3 
700 1 |a Черный  |b О. М.  |g Олег Михайлович 
801 1 |a RU  |b 63413507  |c 20080327  |g PSBO 
801 2 |a RU  |b 63413507  |c 20150701  |g PSBO 
942 |c BK 
959 |a 37/20080325  |d 2  |e 104,00  |f АНЛ:1  |f ЧЗТЛ:1